Art index. Episode #1 /

Art Index TV is an interview-style television show that engages key players who inform the business and practice of contemporary art. Art Index TV examines the process behind this product and looks closely at exactly what makes it tick. With Host Joy Glidden, Art Index TV places contemporary art in...

Full description

Bibliographic Details
Other Authors: Glidden, Joy (Interviewer), Nelson, Danielle (Producer), Duffey, Ali (Producer), Wolf, David (Producer) (Producer)
Format: Video
Language:English
Language Notes:In English.
Published: Brooklyn, NY : Art Index TV, 2010.
Series:Art Index TV
Subjects:
Online Access:Connect to this streaming video (Alexander Street Press)

MARC

Tag First Indicator Second Indicator Subfields
LEADER 00000cgm a2200000Mi 4500
001 in00005594821
006 m o c
007 cr |n||||||||a
007 vz |za|z|
008 210521s2010 nyu027 e o vleng d
005 20241201233710.2
035 |a (OCoLC)on1255892523 
040 |a ALSTP  |b eng  |e rda  |c ALSTP  |d OCLCO  |d OCLCF  |d OCLCO  |d CJT  |d OCLCL  |d OCLCQ 
019 |a 1373484856 
024 8 |a ASP5112542/marc 
035 |a (OCoLC)1255892523  |z (OCoLC)1373484856 
043 |a n-us--- 
049 |a TXAM 
245 0 0 |a Art index.  |n Episode #1 /  |c producers, David Wolf, Ali Duffey, Danielle Nelson. 
246 1 |a Art index TV 
246 1 |a Episode 1 
264 1 |a Brooklyn, NY :  |b Art Index TV,  |c 2010. 
300 |a 1 online resource (27 minutes) 
306 |a 002656 
336 |a two-dimensional moving image  |b tdi  |2 rdacontent 
337 |a computer  |b c  |2 rdamedia 
337 |a video  |b v  |2 rdamedia 
338 |a online resource  |b cr  |2 rdacarrier 
347 |a video file  |2 rda 
490 0 |a Art Index TV 
500 |a Title from title screen (viewed May 21, 2021). 
511 0 |a Joy Glidden, host, interviewer ; Tony Fitzpatrick, Dawn Dedeaux, Karen Atkinson, interviewees. 
520 |a Art Index TV is an interview-style television show that engages key players who inform the business and practice of contemporary art. Art Index TV examines the process behind this product and looks closely at exactly what makes it tick. With Host Joy Glidden, Art Index TV places contemporary art in context, demystifies and illuminates its creative process, and articulates the ways in which it impacts our culture at large. Each half hour episode features interviews that combine artists, gallerists, curators, museum directors and other art professionals and presents two to three video pieces that bring the art experience directly to the TV viewer. Episode 1 Dawn Dedeaux, Artist; Tony Fitzpatrick, Artist; Karen Atkinson, Artist and Arts Educator; Video by artist Rico Gatson. 
546 |a In English. 
650 0 |a Artists  |z United States  |v Interviews. 
650 0 |a Art, Modern  |y 21st century. 
650 6 |a Artistes  |z États-Unis  |v Entretiens. 
650 6 |a Art  |y 21e siècle. 
650 7 |a Art, Modern.  |2 fast  |0 (OCoLC)fst00816615 
650 7 |a Artists.  |2 fast  |0 (OCoLC)fst00817559 
651 7 |a United States.  |2 fast  |0 (OCoLC)fst01204155  |1 https://id.oclc.org/worldcat/entity/E39PBJtxgQXMWqmjMjjwXRHgrq 
648 7 |a 2000-2099  |2 fast 
655 7 |a interviews.  |2 aat 
655 7 |a Interviews.  |2 fast  |0 (OCoLC)fst01423832 
655 7 |a Nonfiction films.  |2 fast  |0 (OCoLC)fst01710269 
655 7 |a Nonfiction films.  |2 lcgft 
655 7 |a Interviews.  |2 lcgft 
655 7 |a Films autres que de fiction.  |2 rvmgf 
655 7 |a Interviews.  |2 rvmgf 
700 1 |a Glidden, Joy,  |e host,  |e interviewer. 
700 1 |a Nelson, Danielle,  |e producer. 
700 1 |a Duffey, Ali,  |e producer. 
700 1 |a Wolf, David  |c (Producer),  |e producer.  |1 https://id.oclc.org/worldcat/entity/E39PCjDgqj4pkqTDkJgX7FCrYP 
700 1 |a Gatson, Rico,  |d 1966-  |e filmmaker.  |1 https://id.oclc.org/worldcat/entity/E39PBJwdg4WqVQT98TBdxjfH4q 
700 1 |a Fitzpatrick, Tony,  |d 1958-  |e interviewee.  |1 https://id.oclc.org/worldcat/entity/E39PBJtGW7wHJ6tWHTfxrwYVmd 
700 1 |a Dedeaux, Dawn,  |e interviewee. 
700 1 |a Atkinson, Karen  |c (Artist),  |e interviewee. 
758 |i has work:  |a Art index Episode #1 (MovingImage)  |1 https://id.oclc.org/worldcat/entity/E39PCGpVtHwYMh6hFJkJJrpH83  |4 https://id.oclc.org/worldcat/ontology/hasWork 
856 4 0 |u http://proxy.library.tamu.edu/login?url=https://www.aspresolver.com/aspresolver.asp?MARC;5112542  |z Connect to this streaming video (Alexander Street Press)  |t 0 
955 |a Alexander Street Press subscription streaming video 
994 |a 92  |b TXA 
999 f f |s f8b8cfa0-5bc5-4655-8c17-d3c712f8f8c6  |i 210bc9e3-52e4-4781-8335-cc7fc888ebfb  |t 0 
952 f f |a Texas A&M University  |b College Station  |c Electronic Resources  |d Available Online  |t 0  |h Library of Congress classification 
998 f f |t 0  |l Available Online